Water conflicts in India (Record no. 889823)

MARC details
000 -LEADER
fixed length control field 00850nam a2200265Ia 4500
003 - CONTROL NUMBER IDENTIFIER
control field OSt
005 - DATE AND TIME OF LATEST TRANSACTION
control field 20220930185240.0
008 - FIXED-LENGTH DATA ELEMENTS--GENERAL INFORMATION
fixed length control field 220926b |||||||| |||| 00| 0 eng d
020 ## - INTERNATIONAL STANDARD BOOK NUMBER
International Standard Book Number 0415424119 (hbk)
037 ## - SOURCE OF ACQUISITION
Terms of availability Textbook
040 ## - CATALOGING SOURCE
Original cataloging agency CRL
Transcribing agency CRL
Language of cataloging eng
041 ## - LANGUAGE CODE
Source of code eng
Language code of text/sound track or separate title eng
100 ## - MAIN ENTRY--PERSONAL NAME
Personal name Joy K.J. Ed.
9 (RLIN) 17309
245 #0 - TITLE STATEMENT
Title Water conflicts in India
Remainder of title A million revolts in the making
260 ## - PUBLICATION, DISTRIBUTION, ETC.
Place of publication, distribution, etc. London
Name of publisher, distributor, etc. Routledge Taylor & Francis UK
Date of publication, distribution, etc. 2008
300 ## - PHYSICAL DESCRIPTION
Extent xxxii,439p.
Dimensions cm.
650 ## - SUBJECT ADDED ENTRY--TOPICAL TERM
Topical term or geographic name entry element ENGINEERING
700 ## - ADDED ENTRY--PERSONAL NAME
Personal name Gujja Biksham Ed.
9 (RLIN) 557776
942 ## - ADDED ENTRY ELEMENTS (KOHA)
Classification part D85.2, P8
Koha item type Textbook
Source of classification or shelving scheme Colon Classification (CC)
Holdings
Withdrawn status Lost status Damaged status Not for loan Home library Current library Date acquired Source of acquisition Cost, normal purchase price Total Checkouts Full call number Barcode Date last seen Cost, replacement price Price effective from Koha item type
        Central Library Central Library 2022-09-30 2995, 10/03/2008, Bharat Scientific Syndicate 995.00   D85.2 P8 CL1336836 2022-09-30 995.00 2022-09-30 Textbook
Copyright @ Delhi University Library System